Mối quan hệ giữa các tập và ứng dụng trong tối ưu hóa : Luận văn tốt nghiệp Cao học. Chuyên ngành Toán giải tích

Tổng hợp và trình bày các quan hệ thứ tự tập, tính chất và mối liên hệ giữa các quan hệ thứ tự tập, đồng thời áp dụng vào việc khảo sát các dạng nghiệm của bài toán tối ưu tập theo hướng tiếp cận theo nghĩa vectơ và tiếp cận th...

وصف كامل

محفوظ في:
التفاصيل البيبلوغرافية
المؤلف الرئيسي: Tạ, Tiểu Châu
التنسيق: كتاب
اللغة:Undetermined
منشور في: Cần Thơ Trường Đại học Cần Thơ 2018
الموضوعات:
الوسوم: إضافة وسم
لا توجد وسوم, كن أول من يضع وسما على هذه التسجيلة!
Thư viện lưu trữ: Trung tâm Học liệu Trường Đại học Cần Thơ
LEADER 01200nam a2200217Ia 4500
001 CTU_228200
008 210402s9999 xx 000 0 und d
082 |a 515 
082 |b Ch125 
088 |a 8460106 
100 |a Tạ, Tiểu Châu 
245 0 |a Mối quan hệ giữa các tập và ứng dụng trong tối ưu hóa : 
245 0 |b Luận văn tốt nghiệp Cao học. Chuyên ngành Toán giải tích 
245 0 |c Tạ Tiểu Châu ; Lâm Quốc Anh (Cán bộ hướng dẫn) 
260 |a Cần Thơ 
260 |b Trường Đại học Cần Thơ 
260 |c 2018 
520 |a Tổng hợp và trình bày các quan hệ thứ tự tập, tính chất và mối liên hệ giữa các quan hệ thứ tự tập, đồng thời áp dụng vào việc khảo sát các dạng nghiệm của bài toán tối ưu tập theo hướng tiếp cận theo nghĩa vectơ và tiếp cận theo nghĩa thứ tự tập. 
650 |a Mathematical analysis,Toán giải tích 
910 |b nthai 
980 |a Trung tâm Học liệu Trường Đại học Cần Thơ